| Tag |
First Indicator |
Second Indicator |
Subfields |
| LEADER |
00000cam a2200000Ia 4500 |
| 001 |
in00002781895 |
| 006 |
m d |
| 007 |
cr cn||||||||| |
| 008 |
120319s2012 caua o s001 0 eng d |
| 005 |
20250816213028.0 |
| 010 |
|
|
|z 2012010874
|
| 020 |
|
|
|z 9780520274129 (hardcover : alk. paper)
|
| 020 |
|
|
|z 9780520274143 (pbk. : alk. paper)
|
| 020 |
|
|
|z 9780520953918
|
| 035 |
|
|
|a (CaPaEBR)ebr10604325
|
| 035 |
|
|
|a (OCoLC)813844013
|
| 040 |
|
|
|a CaPaEBR
|c CaPaEBR
|d UtOrBLW
|
| 050 |
1 |
4 |
|a PN1995.9.E96
|b L57 2012eb
|
| 082 |
0 |
4 |
|a 791.43/611
|2 23
|
| 100 |
1 |
|
|a Lippit, Akira Mizuta.
|
| 245 |
1 |
0 |
|a Ex-cinema :
|b from a theory of experimental film and video /
|c Akira Mizuta Lippit.
|
| 264 |
|
1 |
|a Berkeley :
|b University of California Press,
|c 2012.
|
| 300 |
|
|
|a 1 online resource (xi, 189 pages) :
|b illustrations
|
| 336 |
|
|
|a text
|b txt
|2 rdacontent
|
| 337 |
|
|
|a computer
|b c
|2 rdamedia
|
| 338 |
|
|
|a online resource
|b cr
|2 rdacarrier
|
| 500 |
|
|
|a Includes index.
|
| 500 |
|
|
|a Electronic resource.
|
| 650 |
|
0 |
|a Experimental films
|x History and criticism.
|
| 650 |
|
0 |
|a Motion pictures
|x History.
|
| 655 |
|
7 |
|a Electronic books.
|2 local
|
| 710 |
2 |
|
|a ebrary, Inc.
|
| 856 |
4 |
0 |
|u https://ebookcentral.proquest.com/lib/tamucs/detail.action?docID=1028908
|y Connect to the full text of this electronic book
|t 0
|
| 980 |
|
|
|a 121106
|b 75
|c USD
|e 112.5
|f YBP_EBR0000046136
|g 1
|
| 999 |
f |
f |
|s 8043ff56-c0e2-3652-98c8-a59a988a6e10
|i d22f1130-e25c-3d01-a6bd-43b68d50c0a9
|t 0
|
| 999 |
|
|
|a MARS
|
| 952 |
f |
f |
|a Texas A&M University
|b College Station
|c Electronic Resources
|d Available Online
|t 0
|e PN1995.9.E96 L57 2012eb
|h Library of Congress classification
|
| 998 |
f |
f |
|a PN1995.9.E96 L57 2012eb
|t 0
|l Available Online
|